00614nam a2200205Ia 450000500170000000800410001702000150005808200210007310000410009424500310013526000620016630000150022865000110024365000130025465000130026765000100028094200060029095200970029699900150039320250115011523.0240331s9999 xx 000 0 und d a9987600018 bGEN23753a305.3 aTanzania Gender Networking Programme 0aGender Profile of Tanzania aDar es SalaambTanzania Gender Networking Programmec1993 av, 176 p., aGender aTanzania aEquality aWomen cL 001040708LaWERCLbWERCLcSSCd2024-03-31l0o 305.3 GENp3753r2024-03-31w2024-03-31yL c1609d1609